"A" - All 2 Letter Scrabble Words - Statistics

General Stats
  • This quiz has been taken 22 times
  • The average score is 5 of 28
Answer Stats
Definition Word % Correct
A short form of advertisement AD
46%
Mother MA
46%
Short for agriculture AG
38%
A form of the indefinite article AN
38%
The letter "R" AR
38%
Father PA
31%
You, informally YA
23%
An abdominal muscle AB
15%
A present tense of the verb be AM
15%
To that extent AS
15%
In the position of AT
15%
To work on with an axe AX
15%
An affirmative vote AY
15%
A Burmese heavy knife; dad DA
15%
The fourth note on the musical scale FA
15%
The sixth note on the musical scale LA
15%
A British expression of gratitude TA
15%
Contraction of pizza ZA
15%
Rough jagged lava found in Hawaiian volcanoes AA
8%
New Zealand English exclamation meaning yes AE
8%
Exclamation of a range of emotions, i.e. surprise, fear AH
8%
A three-toed South American sloth AI
8%
Exclamation of disappointment AW
8%
An East Indian tree AL
0%
The eternal spirit in Egyptian mythology BA
0%
An exclamation of surprise HA
0%
The spiritual self or life force in Ancient Egyptian religion KA
0%
Interjection of disbelief NA
0%
No matching quizzes found
Score Distribution
Percent of People with Each Score
Percentile by Number Answered
Your Score History
You have not taken this quiz